| 000 | 01157nam a2200229Ia 4500 | ||
|---|---|---|---|
| 003 | Ost | ||
| 005 | 20260507075320.0 | ||
| 008 | 260507s9999||||xx |||||||||||||| ||und|| | ||
| 020 | _a565119957 | ||
| 040 | _cfsecg | ||
| 041 | _aara | ||
| 082 | _a658.403 | ||
| 100 |
_aالزعبي، حسن علي _eمؤلف |
||
| 245 | 0 |
_aنظم المعلومات الاستراتيجية : _bمدخل استراتيجي / _c حسن علي الزعبي |
|
| 260 |
_aعمان: _bدار وائل للنشر والتوزيع, _c2005 |
||
| 300 |
_a199 صفحة؛ _bإيضاحات ؛ _c25 سم |
||
| 504 | _aببليوغرافيا: ص.197 | ||
| 520 | _aنظام المعلومات الاستراتيجي و تخطيط و تطوير نظم المعلومات الاستراتيجية، عوامل النجاح الحرجة و الاطار العام للتحليل الاستراتيجي، المزايا التنافسية، نظم المعلومات الاستراتيجية و المزايات و التنافسية | ||
| 653 | _aالإستراتيجية التنافسية | ||
| 653 | _aنظم المعلومات- المؤسسة الممتدة | ||
| 942 | _cكتاب | ||
| 999 |
_c43919 _d43919 |
||